000 01073nam a2200265Ia 4500
003 OSt
005 20220918111023.0
006 a|||||r|||| 00| 0
007 ta
008 220915b |||||||| |||| 00| 0 hin d
020 _c800
024 _a270698
037 _b307, 16/11/2011, Eastern Book Linkers
_cReference Collections
040 _aARTS
_cARTS
_bhin
041 _2hin
_ahin
082 _aO152k, K3;P5.1-.2
100 _aवर्मा, धीरेन्द्र, (और अन्य), संपा.
_910473
245 0 _aहिन्दी साहित्य कोश
246 _aHindī sāhitya kosha
260 _aवाराणसी
_bज्ञानमण्डल लिमिटेड भारत
_c2005
490 _vभाग - 1
650 _aहिन्दी साहित्य
942 _hO152k, K3;P5.1-.2
_cREF
999 _c116497
_d116497